English primary education (Record no. 22290)

MARC details
000 -LEADER
fixed length control field 00228nam a2200097Ia 4500
005 - DATE AND TIME OF LATEST TRANSACTION
control field 20240821151418.0
008 - FIXED-LENGTH DATA ELEMENTS--GENERAL INFORMATION
fixed length control field 240821s9999||||xx |||||||||||||| ||und||
100 ## - MAIN ENTRY--PERSONAL NAME
Personal name Blyth, W.A.L.
245 #0 - TITLE STATEMENT
Title English primary education
942 ## - ADDED ENTRY ELEMENTS (KOHA)
Koha item type Book

No items available.